00686nam a2200193 a 4500008004100000020002200041245014700063246002800210260003200238300002100270440004000291546003200331650002100363650002100384710006000405003000100465005001700466040000900483  a8977781876 (pbk.)00aWorld Peace Index 2002 :bassessing the state of peace in the nations of the world /c[Committee for the Culture of Peace, World Peace Forum].3 a2002 World Peace Index. aSeoul :bThe Forum,cc2003. a260 p. ;c23 cm. 0aWorld Peace Forum report ;v2003-2. aText in English and Korean. 0aPeace movements. 0aPeacexResearch.2 aWorld Peace Forum.bCommittee for the Culture of Peace.20230123133741.0 cNUST